| 000 | 02938cam a22004934i 4500 | ||
|---|---|---|---|
| 003 | PE-LiUPU | ||
| 005 | 20250731173054.0 | ||
| 008 | 180309s1994 ne rb 001 0 eng d | ||
| 020 | _a9789004100169 | ||
| 035 | _a(Sirsi) a241506 | ||
| 040 |
_aPE-LiUPU _bspa _cPE-LiUPU _erda |
||
| 049 | _aPRUA | ||
| 082 | 0 | 4 |
_a234.161092 _bB1 _220 |
| 245 | 0 | 0 |
_aBaptism in the theology of Martin Luther / _cedited by Jonathan D. Trigg. |
| 264 | 1 |
_aLeiden : _bBrill, _c1994. |
|
| 300 |
_avii, 234 páginas ; _c25 centímetros. |
||
| 336 |
_atext _2rdacontent |
||
| 337 |
_aunmediated _2rdamedia |
||
| 338 |
_avolume _2rdacarrier |
||
| 490 | 1 |
_aStudies in the history of Christian thought ; _v56 |
|
| 504 | _aBibliografía : páginas 230-231. | ||
| 504 | _aÍndice : páginas 232-236. | ||
| 505 | 0 | _aAcknowledgements -- A Cuckoo in the Nest? Baptism in the theology of Martin Luther -- Introduction -- Recent scholarship -- The structure of the argument -- The trysting place: Baptism in the lectures on Genesis -- The Genesis lectures -- Seeking God where he wills to be found -- God´s presence and activity in baptism -- Entering the covenant: Baptism and the church -- Conclusion -- Water embraced in the word: The baptismal theolody of the older Luther -- Introduction -- Baptism and the word -- What baptism the word -- What baptism accomplishes -- Baptism and faith -- Significatio: baptism as death and resurrection -- Infant baptism -- Conclusion -- Reboarding an abandoned ship: baptism an the reformation struggle -- Introduction -- Dictata super Psalterium 1513-1515 -- After the breakthrough: baptism 1519-20 -- Conclusion -- Semper es in motu et initio: baptism and the christian life -- Introduction -- Baptism and conversion -- The shape of the christian life -- ´Baptisatus sum´-- A church with no boundaries? Baptism and ecclesilogy -- Introduction: Defining the church -- Making the church visible: Alternatives to the hidden church -- Baptism and the church -- Conclusion -- Luther on baptism: An Assessment -- Introduction -- Luther and his contemporaries -- Concluding reflections -- Bibliography -- Index of names -- Subject index. | |
| 526 | _aSEG42 | ||
| 526 | _aSEG41 | ||
| 526 | _aSEG40 | ||
| 526 | _aSEG39 | ||
| 526 | _aP94 | ||
| 526 | _aP87 | ||
| 526 | _aP86 | ||
| 526 | _aP85 | ||
| 526 | _aP77 | ||
| 526 | _aP76 | ||
| 526 | _aP35 | ||
| 600 | 1 |
_aLuther, Martin _d1483-1546 |
|
| 650 | 1 | 4 |
_aBautismo _xIglesia Luterana _xHistoria _ySiglo XVI. |
| 610 | 0 | 4 |
_aIglesia Luterana _xDoctrinas _xHistoria _ySiglo XVI. |
| 910 |
_adbm _bwmm _cwmm _d20180309 |
||
| 942 |
_2ddc _cBOOK |
||
| 994 |
_aC0 _bPEPRU |
||
| 596 | _a1 | ||
| 999 |
_a234.161092 B1 _wDEWEY _c27132 _i78368 _d27132 _f2021-11-10 _g4 _lCCODEBUL1 _mBUL _p37.00 _q2 _r0 _sY _tBOOK _u2018-3-9 _xTEOLOGIA _PP35 _0COMPRA _o.STAFF. Colección Teología |
||
| 980 |
_81 _gALBERTO SANCHEZ Responsable de Automatización |
||